000 00580nam a2200229Ia 4500
003 OSt
005 20220918201926.0
006 a|||||r|||| 00| 0
007 ta
008 220917b |||||||| |||| 00| 0 eng d
024 _a97,524
037 _cTextual
040 _aARTS
_cARTS
_beng
041 _2eng
_aeng
082 _aV2:25:N19<-M58, L2
100 _aSangat Singh
_95960
245 0 _aFreedom movement in Delhi 1858-1919
260 _c1972
650 _aHISTORY
942 _hV2:25:N19<-M58, L2
_cTEXL
_2CC
999 _c221119
_d221119